| 000 | 02050nam a2200361Ia 4500 | ||
|---|---|---|---|
| 001 | dia_1940 | ||
| 003 | CHAP | ||
| 005 | 20230502090629.0 | ||
| 008 | 220117s1983 xx 000 0 und d | ||
| 010 | _a172476 | ||
| 040 | _cCHAP | ||
| 082 | _a633.61 M49 1983 | ||
| 110 |
_aMéxico. Fideicomiso para Obras Sociales a Campesinos Cañeros de Escasos Recursos (FIOSCER) _9151877 |
||
| 245 |
_aCortadores de Caña en México : investigación de campo / _c Fideicomiso para Obras Sociales a Campesinos Cañeros de Escasos Recursos (FIOSCER) |
||
| 260 |
_aMéxico : _b Fideicomiso para Obras Sociales a Campesinos Cañeros de Escasos Recursos, _c1983 |
||
| 300 | _a16 v. | ||
| 500 | _aEn portada: Zafra 80-81 | ||
| 503 | _aD. | ||
| 504 | _aIncluye bibliografías | ||
| 505 | _av. 1 Descripción de variables nacionales \ v. 2 Las trece regiones FIOSCER \ v. 2-1 Morelos y Puebla \ v. 2-2 Sinaloa \ v. 2-3 Nayarit \ v. 2-4 Jalisco y Colima \ v. 2-5 Michoacán \ v. 2-6 Huastecas: Tamaulipas, San Luis Potosí, Veracruz \ v. 2-7 Veracruz Centro y Jalapa \ v. 2-8 Veracruz, Córdoba \ v. 2-9 Veracruz y Oaxaca \ v. 2-10 Veracruz, Cosamaloapan \ v. 2-11 Veracruz sur, San Andrés Tuxtla \ v. 2-12 Tabasco, Campeche, Quintana Roo \ v. 2-13 Chiapas \ v. 3 Censo de Ingenios \ v. 4 Análisis estadísticos de la investigación de campo | ||
| 590 | _aHD8039.S85 M49 1983 | ||
| 650 |
_aAzúcar de caña _xTrabajadores _xMéxico _xEstadística _9151878 |
||
| 650 |
_aCaña de azúcar _xMexico _xCosechas _xEstadística _9151879 |
||
| 650 |
_aIndustria de la caña de azúcar _xMéxico _xEstadística _9151880 |
||
| 650 |
_aSugar cane industry _xMexico _xStatistics _9151881 |
||
| 650 |
_aSugar cane _xHarvestings _xStatistics _9151882 |
||
| 650 |
_aSugar _xWorkers _xMexico _xStatistics _9151883 |
||
| 710 |
_aFideicomiso para Obras Sociales a Campesinos Cañeros de Escasos Recursos (México) _940730 |
||
| 901 | _a633.61 M49 1983 | ||
| 902 | _aM | ||
| 905 | _a5222271983 mx n 8224223322spa16 | ||
| 942 |
_cLIBRO _2ddc |
||
| 999 |
_c172476 _d172476 |
||